Score 0/7 Timer 03:00
0 Plays Today
Question Answer Wrong Answers
This Canadian actor, known for his work on ‘Star Trek’ and ‘Boston Legal’, is born.
1931
William Shatner
83.1%
Leonard Nimoy
9.2%
James Spader
3.6%
Mark Hamill
1.4%
British Parliament passes this, which imposed a tax on all paper documents in their American colonies.
1765
Stamp Act
81.5%
Sugar Act
2.2%
Tea Act
13.1%
Plantation Duty Act
2.2%
The first ______ rugby union match is played at Parc des Princes in Paris.
1906
England vs France
77.3%
France vs Australia
10.6%
Australia vs India
3%
India vs England
6.7%
The Pilgrims of Plymouth Colony sign a peace treaty with Massasoit of the ______.
1621
Wampanoags
51.7%
Cherokee
19.8%
Creek
6%
Mohegans
22%
This regional organization, formed primarily of countries from North Africa, the Horn of Africa and Arabia, is founded when a charter is adopted in Cairo, Egypt.
1945
Arab League
45.1%
NATO
6.1%
OPEC
22.3%
African Union
23.3%
Illinois becomes the first state to require ______ equality in employment.
1872
Gender
42%
Racial
39.6%
Religious
12.7%
Age
3.9%
Ferdinand II of Aragon commissions this man to be chief navigator of the Spanish Empire.
1508
Amerigo Vespucci
37.2%
Christopher Columbus
49.1%
Sir Francis Drake
10.6%
Jacques Cartier
3.1%
Remove Ads.
Support Sporcle.
Get the best of Sporcle when you Go Orange. This ad-free experience offers more features, more stats, and more fun while also helping to support Sporcle. Thank you for becoming a member.

You're not logged in!

Compare scores with friends on all Sporcle quizzes.
OR
Log In

Show Comments

Extras

Top Quizzes Today


Score Distribution

Your Account Isn't Verified!

In order to create a playlist on Sporcle, you need to verify the email address you used during registration. Go to your Sporcle Settings to finish the process.

Report this User

Report this user for behavior that violates our Community Guidelines.

Details: